000
00319nam a22001337a 4500
020
_a
9789695814734
082
_a
891.4391 BUS
100
_a
Bushra Khatoon. Dr
_9
69534
245
_a
Ada-e-sukhan
260
_a
Faisalabad
_b
Mishal Publisher
_c
2019
300
_a
212 P
650
_a
URDU ADAB-POETRY
_9
28226
942
_c
BK
999
_c
576775
_d
576775